000 00321nam a22001337a 4500
008 180928b xxu||||| |||| 00| 0 eng d
020 _a9780495811268
041 _aeng
080 _a343.9
100 _a13
101 _aSHJ
245 _aConstitutional Law and the Criminal Justice System
_cHarr, J.S
942 _2udc
_cBK
999 _c48659
_d48659